000 00351nam a2200133Ia 4500
008 231129s9999||||xx |||||||||||||| ||spa||
020 _a84-599-0202-1
040 _bspa
082 _a321.73 T632d
100 _aTocqueville Alexis de
245 0 _aLa democracia en America
264 _aSarpe
942 _2ddc
_cBKS
999 _c16837
_d16837